Evaluation de la qualité de quelques aliments de compléments commercialisés au Bénin (Record no. 32059)
[ view plain ]
| 000 -LEADER | |
|---|---|
| fixed length control field | 01355 a2200349 4500 |
| 041 ## - CODE DE LANGUE | |
| Language code of summary or abstract/overprinted title or subtitle | Fr. |
| 040 ## - SOURCE DU CATALOGAGE | |
| Original cataloging agency | Support |
| 041 ## - CODE DE LANGUE | |
| Language code of summary or abstract/overprinted title or subtitle | Fr.%En. |
| 100 ## - VEDETTE PRINCIPALE - NOM DE PERSONNE | |
| Personal name | DA-GBADJI, Reine Rachelle V.W. |
| 130 ## - VEDETTE PRINCIPALE - TITRE UNIFORME | |
| Language of a work | Fr. |
| 100 ## - VEDETTE PRINCIPALE - NOM DE PERSONNE | |
| Affiliation | Abomey-Calavi, Université d'Abomey-Calavi, Faculté des Sciences Agronomiques, Bj |
| 240 ## - UNIFORM TITLE | |
| Uniform title | <a href="Assessment of the quality of some complementary foods sold in Benin">Assessment of the quality of some complementary foods sold in Benin</a> |
| 260 ## - PUBLICATION, DISTRIBUTION, ETC. (IMPRINT) | |
| Place of publication, distribution, etc | Abomey-Calavi |
| 260 ## - PUBLICATION, DISTRIBUTION, ETC. (IMPRINT) | |
| Name of publisher, distributor, etc | FSA/UAC |
| 245 ## - TITLE STATEMENT | |
| Title | Evaluation de la qualité de quelques aliments de compléments commercialisés au Bénin |
| 260 ## - PUBLICATION, DISTRIBUTION, ETC. (IMPRINT) | |
| Date of publication, distribution, etc | 17 décembre 2003 |
| 300 ## - PHYSICAL DESCRIPTION | |
| Extent | viii-90 p. |
| 300 ## - PHYSICAL DESCRIPTION | |
| Other physical details | 29 cm |
| 502 ## - DISSERTATION NOTE | |
| Dissertation note | Thèse pour l'obtention du Diplôme d'Ingénieur Agronome |
| 520 ## - SUMMARY, ETC. | |
| Summary, etc | Le présent travail a porté sur l'évaluation de la qualité de six farines infantiles vendues au Bénin. Ce sont : les farines Céréso, Rimalait, Beau Bébé, Pépite d'or et Mickelange produites au Bénin et Cérélac-maïs farine importée... |
| 653 1# - INDEX TERM--UNCONTROLLED | |
| Uncontrolled term | Nutrition et Sciences Alimentaires |
| 650 ## - SUBJECT ADDED ENTRY--TOPICAL TERM | |
| Topical term or geographic name as entry element | Sevrage |
| 650 ## - SUBJECT ADDED ENTRY--TOPICAL TERM | |
| Topical term or geographic name as entry element | Qualité |
| 650 ## - SUBJECT ADDED ENTRY--TOPICAL TERM | |
| Topical term or geographic name as entry element | Enfant |
| 650 ## - SUBJECT ADDED ENTRY--TOPICAL TERM | |
| Topical term or geographic name as entry element | Besoin nutritionnel |
| 650 ## - SUBJECT ADDED ENTRY--TOPICAL TERM | |
| Topical term or geographic name as entry element | Evaluation |
| 650 ## - SUBJECT ADDED ENTRY--TOPICAL TERM | |
| Topical term or geographic name as entry element | Farine |
| 653 #1 - INDEX TERM--UNCONTROLLED | |
| Uncontrolled term | Nutrition et Sciences Alimentaires |
| 651 ## - SUBJECT ADDED ENTRY--GEOGRAPHIC NAME | |
| Geographic name | Bénin |
| 710 ## - ADDED ENTRY--CORPORATE NAME | |
| Corporate name or jurisdiction name as entry element | Abomey-Calavi, Université d'Abomey-Calavi, Faculté des Sciences Agronomiques, Bj |
| Withdrawn status | Lost status | Damaged status | Not for loan | Location (home branch) | Sublocation or collection (holding branch) | Date acquired | Koha issues (times borrowed) | Koha full call number | Koha date last seen | Copy number | Price effective from | Koha item type | Public note |
|---|---|---|---|---|---|---|---|---|---|---|---|---|---|
| Bibliothèque-Centre de Documentation de la Faculté des Sciences Agronomiques | Bibliothèque-Centre de Documentation de la Faculté des Sciences Agronomiques | T.NSA.2003.004 | 28/02/2009 | 02 | 28/02/2009 | Livre | A.9243 |